| 000 | 00672nam a2200229Ia 4500 | ||
|---|---|---|---|
| 003 | GCL | ||
| 008 | 140319s9999 xx 000 0 ara d | ||
| 040 |
_aGCL / _cGCL |
||
| 082 | 0 | 4 |
_a814.008 _bا ق |
| 100 | 1 | _aاحسان عبدالقدوس | |
| 245 | 1 | 0 |
_aقمم مصرية : الكتاب الاول / _cاحسان عبدالقدوس |
| 700 | 1 | _aاحمد بهاءالدين | |
| 700 | 1 | _aمصطفى امين | |
| 700 | 1 | _aمحمد عبدالوهاب | |
| 300 | _a225 ص | ||
| 490 | _a | ||
| 650 | 0 | 4 | _aالادب العربى |
| 650 | 0 | 4 | _aالمقالات |
| 650 | 0 | 4 | _aالادباء العرب |
| 650 | 0 | 4 | _aالمقالة العربية |
| 942 |
_2ddc _cBK |
||
| 999 |
_c45503 _d45503 |
||